| 000 | 01477cam a2200313 4500 | ||
|---|---|---|---|
| 001 | ##L135305 | ||
| 008 | 061011n2006 000 0 eng u | ||
| 020 | _a9781842193074 | ||
| 035 | _a(Sirsi) u135305 | ||
| 041 | 0 | _aeng | |
| 050 | 0 | 4 | _a690.2 $2 18 |
| 100 | 1 | _aHoxley, M. | |
| 245 | 0 | 0 |
_aRICS education reform and building surveying _bthe employers' view |
| 260 |
_aLondon _bRICS _c2006 |
||
| 490 | 0 |
_aCOBRA _v2006 |
|
| 520 | _aLooks at the impact of the 2001 RICS education reforms on building surveying. Recommendations include advice to universities on the design of building surveying undergraduate and conversion courses, more research on the high APC referral rates, and better liaison between industry and universities. | ||
| 590 | _aIKA171006 | ||
| 590 | _aKA | ||
| 651 | 4 |
_aUnited Kingdom _y |
|
| 690 |
_aBuilding surveying _96225 |
||
| 690 | _aCAREERS, EDUCATION AND TRAINING-QUALIFICATION ROUTES-RICS ACCREDITED COURSES | ||
| 690 | _aCAREERS, EDUCATION AND TRAINING-QUALIFICATION ROUTES-ASSESSMENT OF PROFESSIONAL COMPETENCE | ||
| 700 | 1 | _aWilkinson, S. | |
| 710 | 1 |
_aRoyal Institution of Chartered Surveyors _bEducation Trust _947 |
|
| 711 | 2 |
_aConstruction and Building Research Conference _n(11th _d2006 _cLondon) |
|
| 711 | 2 |
_aConstruction and Building Research Conference _n(11th _d2006 _cLondon) |
|
| 856 | 4 | 0 |
_uhttps://www.rics.org/site/scripts/download_info.aspx?downloadID=2954 _zView the paper free of charge at www.rics.org... |
| 942 | _n0 | ||
| 999 |
_c105994 _d105994 |
||